Economía del transporte / (Record no. 31860)

MARC details
000 -LEADER
campo de control de longitud fija 00803nam a2200229 i 4500
001 - NÚMERO DE CONTROL
campo de control 31860
003 - IDENTIFICADOR DE NÚMERO DE CONTROL
campo de control ES-MaACL
005 - FECHA Y HORA DE LA ÚLTIMA TRANSACCIÓN
campo de control 20250815082224.0
007 - CAMPO FIJO DE DESCRIPCIÓN FÍSICA--INFORMACIÓN GENERAL
campo de control de longitud fija t|
008 - DATOS DE LONGITUD FIJA--INFORMACIÓN GENERAL
campo de control de longitud fija 030130s1959 sp ||||1| spa d
100 1# - ENTRADA PRINCIPAL--NOMBRE DE PERSONA
Nombre de persona Beckmann, M.
9 (RLIN) 26965
245 10 - MENCIÓN DEL TÍTULO
Título Economía del transporte /
Mención de responsabilidad, etc. M. Beckmann, C.B. Mac Guire y C.B. Winsten ; traducción del inglés por José Luis Barinaga.
260 ## - PUBLICACIÓN, DISTRIBUCIÓN, ETC.
Lugar de publicación, distribución, etc. Madrid :
Nombre del editor, distribuidor, etc. Aguilar,
Fecha de publicación, distribución, etc. 1959 (
Fabricante Minerva)
300 ## - DESCRIPCIÓN FÍSICA
Extensión 274 p., 1 lám. :
Otras características físicas il. ;
Dimensiones 22 cm.
490 1# - MENCIÓN DE SERIE
Mención de serie Biblioteca de ciencias sociales
700 1# - ENTRADA AGREGADA--NOMBRE PERSONAL
Nombre de persona Mac Guire, C. B.
9 (RLIN) 75031
700 1# - ENTRADA AGREGADA--NOMBRE PERSONAL
Nombre de persona Winsten, C. B.
9 (RLIN) 117108
700 1# - ENTRADA AGREGADA--NOMBRE PERSONAL
Nombre de persona Barinaga Blanco, José Luis.
9 (RLIN) 25652
830 00 - PUNTO DE ACCESO ADICIONAL DE SERIE-TÍTULO UNIFORME
Título uniforme Biblioteca de ciencias sociales (Aguilar)
9 (RLIN) 220462
852 ## - LOCALIZACIÓN
Ubicación ES-MaACL
Número de control de estantería C-16062
Sublocalización o colección R.44011
Holdings
Estatus retirado Estado de pérdida Estado de daño No para préstamo Biblioteca de origen Biblioteca actual Ubicación en estantería Fecha de adquisición Fuente de adquisición Total de préstamos Signatura topográfica completa Código de barras Visto por última vez Precio de reemplazo Tipo de ítem Koha
        Biblioteca del Ateneo de Madrid Biblioteca del Ateneo de Madrid Ficheros 17/01/2008     C-16062 1032945 23/02/2023 23/02/2023 Libro impreso